[Event "Hoogovens"]
[Site "Wijk aan Zee 33"]
[Date "1971.01.??"]
[Round "3"]
[White "Gligoric, Svetozar"]
[Black "Van den Berg, Carel"]
[Result "1-0"]
[WhiteElo "2600"]
[BlackElo "2450"]
[Annotator "JvR"]
[PlyCount "45"]
[EventDate "1971.??.??"]
[EventCountry "NED"]

{WIJK AAN ZEE 1971  Kortschnoj and Petrosian were the Soviet heavyweights
among other stars.} 1. d4 Nf6 2. c4 e6 3. Nc3 Bb4 4. e3 O-O 5. Bd3 d5 6. Nf3 b6
7. O-O Bb7 8. a3 Bd6 9. b4 dxc4 10. Bxc4 Nbd7 11. Bb2 a5 12. bxa5 Rxa5 13. Nb5
$5 Be7 14. a4 Ne4 $5 (14... c5 {will equalise in Gulko - Tal, Yerevan 1975.})
15. Bd3 Nd6 $6 16. Qe2 Nf6 17. Rfc1 Nxb5 18. Bxb5 c5 $5 19. Ne5 Qd5 $2 (19...
Ra8 $1 20. dxc5 Bxc5 21. Rd1 Bd5 {avoids a disaster.}) 20. f3 $1 cxd4 21. Bxd4
Bc5 22. Bxc5 bxc5 23. Qb2 $1 {The game has ended. Is it drawn? No, white has
won. He threatens to win the queen by Rd1.} (23. Qb2 Qd6 24. Nc4 {costs the
exchange and}) (23. Qb2 Qd8 24. Rxc5 {loses a pawn.}) 1-0

[Event "Hoogovens"]
[Site "Wijk aan Zee 33"]
[Date "1971.01.??"]
[Round "4"]
[White "Kortschnoj, Viktor"]
[Black "Najdorf, Miguel"]
[Result "1-0"]
[WhiteElo "2660"]
[BlackElo "2560"]
[Annotator "JvR"]
[PlyCount "79"]
[EventDate "1971.??.??"]
[EventCountry "NED"]

1. c4 Nf6 2. Nc3 e6 3. Nf3 d5 4. d4 c5 5. cxd5 Nxd5 6. e4 Nxc3 7. bxc3 cxd4 8.
cxd4 Bb4+ 9. Bd2 Bxd2+ 10. Qxd2 O-O 11. Bc4 b6 12. O-O Bb7 13. Rfe1 Nd7 14.
Rad1 Rc8 15. Bd3 $5 Re8 16. Qe3 Rc3 17. e5 $5 {Viktor wants to attack on the
kingside.} Qc7 18. Ng5 Nf8 19. Ne4 Bxe4 20. Qxe4 Rd8 21. h4 Qe7 22. Qg4 Ra3 23.
Bc4 b5 $5 (23... Rc3 $1 {prevents the next problems.}) 24. Bb3 $1 a5 25. d5 a4
$2 (25... exd5 26. Bxd5 Ra4 {is alright.}) 26. dxe6 $1 axb3 27. exf7+ Kh8 28.
Rxd8 Qxd8 29. axb3 Qe7 30. e6 Ra6 31. f4 $1 {Najdorf becomes the victim of
restriction.} h6 $5 (31... Rxe6 32. Rxe6 Qxe6 (32... Nxe6 33. Qxe6 $1) 33. Qxe6
Nxe6 {(Ivkov)} 34. h5 $1 h6 35. f5 $1 Nf8 {restrains the knight.}) 32. f5 $1
Nh7 33. Rc1 Ra8 34. Qf4 Nf6 35. Qc7 Qb4 36. Qc8+ Kh7 37. Qxa8 $4 Qd4+ 38. Kf1
Qf4+ $4 (38... Qd3+ $1 39. Kf2 Ng4+ $1 {leads to a perpetual check.}) 39. Ke2
Qe5+ ({The pointe is} 39... Qxc1 40. f8=N+) 40. Kd1 1-0

[Event "Hoogovens"]
[Site "Wijk aan Zee 33"]
[Date "1971.01.??"]
[Round "6"]
[White "Petrosian, Tigran V"]
[Black "Mecking, Henrique"]
[Result "1-0"]
[WhiteElo "2640"]
[BlackElo "2550"]
[Annotator "JvR"]
[PlyCount "114"]
[EventDate "1971.??.??"]
[EventCountry "NED"]

1. d4 Nf6 2. Nf3 e6 3. Bg5 c5 4. e3 d5 5. c3 Nc6 6. Nbd2 cxd4 7. exd4 Be7 8.
Bd3 h6 9. Bf4 Nh5 $5 {White has a plus.} 10. Be3 Nf6 11. Ne5 Nxe5 12. dxe5 Nd7
13. Bd4 Nc5 14. Bc2 a5 $5 {Mecking chooses a passive way.} 15. Qg4 g6 16. O-O
Bd7 17. Rfe1 Qc7 18. a4 Na6 $5 19. Qe2 $1 Kf8 $5 20. Nf3 Kg7 21. Be3 Nc5 22.
Nd4 Ra6 23. Bc1 Raa8 24. g3 b6 25. h4 $1 h5 26. Qf3 Qd8 27. Bd2 Qe8 28. Bg5 Qd8
$2 (28... Bxg5 29. hxg5 h4 $1 {develops some activity at last.}) 29. Qf4 Rc8
30. Re3 Bxg5 31. hxg5 Ra8 32. Qf6+ $5 Qxf6 33. exf6+ Kh7 34. Kg2 Rae8 35. f4 $1
Rb8 36. Ree1 Nb7 37. Rh1 $1 Kg8 38. Nf3 $1 Nd6 39. Ne5 Be8 40. Bd3 Rc8 {Black
has to defend passively.} 41. Kf3 Bc6 42. Rh2 $1 Be8 43. Ke3 $1 Rc7 44. Kd4 $1
{Two blockaders in the centre lame the black position.} Nb7 45. b4 $1 Nd8 46.
Rh4 Nb7 47. Ra2 Nd6 48. Rh1 Nb7 49. b5 $1 Nc5 50. Bc2 Nd7 51. Ra3 Nc5 $5 {If
Black exchanges the knights, White has to prepare the breakthrough c4.} 52. c4
$1 Nd7 ({Or} 52... dxc4 53. Nxc4) 53. Rc3 Nxe5 54. Kxe5 $5 dxc4 55. Be4 Rc8 56.
Kd6 Rc5 57. Rhc1 $1 h4 {Petrosian drew many games and strangled some opponents.
} (57... h4 58. Rxc4 Rxc4 59. Rxc4 hxg3 60. Rc8 {wins quickly (Ivkov).}) 1-0

[Event "Hoogovens"]
[Site "Wijk aan Zee 33"]
[Date "1971.01.??"]
[Round "11"]
[White "Olafsson, Fridrik"]
[Black "Andersson, Ulf"]
[Result "1-0"]
[WhiteElo "2570"]
[BlackElo "2480"]
[Annotator "JvR"]
[PlyCount "208"]
[EventDate "1971.??.??"]
[EventCountry "NED"]

1. Nf3 c5 2. c4 g6 3. d4 Bg7 4. d5 d6 5. Nc3 Nf6 6. e4 O-O 7. Be2 e5 8. h3 Na6
9. Bg5 Bd7 10. Nh2 h6 11. Be3 Kh7 12. h4 Nc7 13. h5 g5 14. Nf1 a6 15. Ng3 b5
16. b3 Rb8 17. a3 Rb7 18. O-O Kh8 19. Qc2 Qe7 20. Bd2 Rfb8 21. Rfb1 Bf8 22. Nd1
bxc4 23. bxc4 Nce8 24. Ne3 Ng7 25. Ba5 Bc8 26. Qd1 Rb2 27. Rxb2 Rxb2 28. Bc3
Rb7 29. Bd3 Qe8 30. Be2 Be7 31. Rb1 Qd7 32. Bd3 Rxb1 33. Bxb1 Qb7 34. Bc2 Bd7
35. Qf3 Qc8 36. Nef5 Nxf5 37. exf5 Kg8 38. Kf1 Qe8 39. Qd1 Qb8 40. Ke1 Bd8 41.
Nf1 Bc7 42. Ne3 Qd8 43. Kf1 Ba5 44. Ba1 Qf8 45. g3 Bd8 46. Bc3 Be7 47. Ke1 Qg7
48. Bd3 g4 49. Be2 Nxh5 50. Bxg4 Nf6 51. Bh3 Qg5 52. Bd2 Ne4 53. Bc1 Bd8 54.
Kf1 Ba5 $2 {The game begins at last, because Ulf errs.} ({Best is} 54... Kh7 $1
55. Kg2 Qg8 $1) 55. Kg2 h5 56. Qc2 Nf6 57. Ng4 $1 {Pawn f5 has an indirect
protection due to the blunder.} Qg7 58. Nxf6+ Qxf6 59. Qb3 Bd8 60. Bd2 Kf8 61.
Qb8 Kg7 62. f4 e4 $1 63. Bc1 $1 Qe7 64. Qb3 f6 65. Bd2 a5 66. Kf2 a4 67. Qc2
Kf8 68. Ke3 {Black has to guard four weak pawns.} Kg7 $2 (68... Qg7 $1 69. Kf2
h4 $1 70. gxh4 Qh7 $1 71. Qxe4 Qxh4+ {gives counter-play.}) 69. Qd1 $1 {White
wants to win a pawn without the exchange of queens.} Qe8 70. Qh1 Kf8 71. Bc3
Kg7 72. Qb1 Kf8 73. Qb8 $1 Be7 74. Qb2 Kg7 75. Kxe4 $1 Qc8 76. Qb1 Qa6 77. Kd3
Qc8 78. Ke3 Kf8 79. Kf2 Kg7 80. Qc2 Kf7 81. Kg1 Qh8 82. Bf1 Qg7 83. Qh2 Kf8 84.
Bd3 Be8 85. Qh3 Bd8 86. Qh4 Qe7 87. Kf2 Qg7 88. Bc2 Qf7 89. Qh1 Qg7 90. Bd1 Qf7
91. Qe4 Qc7 92. Kg2 $1 Be7 93. Kh3 Qc8 94. Kh4 Bd7 95. Bc2 Be8 96. Bd1 Bd7 97.
Bxh5 $1 Bxf5 98. Qe2 Qb7 99. g4 Be4 $1 100. g5 $1 f5 101. Bf3 Bxf3 102. Qxf3
Qb1 103. Kh5 Qc2 104. Kg6 Ke8 {Olafsson took the lead.} (104... Ke8 105. Qh3 $1
{decides the game.}) 1-0

[Event "Hoogovens"]
[Site "Wijk aan Zee 33"]
[Date "1971.01.??"]
[Round "11"]
[White "Ree, Hans"]
[Black "Kortschnoj, Viktor"]
[Result "1-0"]
[WhiteElo "2420"]
[BlackElo "2660"]
[Annotator "JvR"]
[PlyCount "127"]
[EventDate "1971.??.??"]
[EventCountry "NED"]

1. c4 Nf6 2. Nf3 g6 3. g3 Bg7 4. Bg2 O-O 5. O-O d6 6. Nc3 Nc6 7. d3 Nh5 8. Rb1
a6 $5 9. Bd2 e5 10. b4 Kh8 $6 11. Nd5 $1 Ne7 12. Qc2 h6 13. a4 Kh7 14. Rfc1 f5
15. b5 f4 16. Nxe7 Qxe7 17. c5 axb5 18. cxd6 cxd6 19. Rxb5 Ra6 20. Bb4 Rc6 21.
Qb1 Qc7 $2 ({More active is} 21... Bg4 22. Ba3 Rf7) 22. Ba3 $1 Nf6 23. Nd2 $1
Rxc1+ 24. Qxc1 Qxc1+ 25. Bxc1 fxg3 26. hxg3 Bd7 27. Rxb7 Bxa4 28. Ba3 Rd8 29.
Nc4 Ne8 30. Bd5 $1 {Kortschnoj suffers by a horrible strangulation.} h5 31. Bf7
Kh6 32. Bxe8 Rxe8 33. Nxd6 Ra8 34. Bb2 Bc6 35. Rc7 Bd5 36. e4 Bb3 37. Rb7 Rd8
38. Rb6 Kh7 39. Rxb3 Rxd6 40. Rb7 $1 Re6 41. f4 Kg8 42. Kf2 Bf6 43. Bxe5 $5
Bxe5 44. fxe5 Rxe5 45. Kf3 g5 46. d4 Ra5 47. e5 Ra3+ 48. Ke4 $1 h4 $5 49. gxh4
gxh4 50. d5 h3 51. e6 h2 52. Rb1 Rg3 53. Rh1 Rh3 54. d6 Kf8 55. Ke5 Rh5+ 56.
Kf6 Rh6+ 57. Kf5 Rh3 58. Kg6 Re3 59. Kf6 Re2 60. Rb1 Rf2+ 61. Ke5 Re2+ 62. Kd5
Rd2+ 63. Kc6 $1 Rb2 64. e7+ {Hans Ree made the headlines three times. His
victory over Kortschnoj was the best news. An incident occurred in the third
round. Hans wanted to play 43. .. c1Q against Najdorf. He put a pawn on c1,
could not find a queen and pressed the clock. Don Miguel developed a new rule
and replaced the pawn by a knight. He accepted after many days that Ree's move
had been illegal and had to be replayed. The third newspaper item was the game
Petrosian - Ree in round twelve, because Tigran won in eight moves!} ({The
pointe is} 64. e7+ Ke8 65. d7+ Kxe7 66. Re1+ Kd8 67. Re8# {(Ree).}) 1-0

[Event "Hoogovens"]
[Site "Wijk aan Zee 33"]
[Date "1971.01.??"]
[Round "15"]
[White "Kortschnoj, Viktor"]
[Black "Huebner, Robert"]
[Result "1-0"]
[WhiteElo "2660"]
[BlackElo "2590"]
[Annotator "JvR"]
[PlyCount "81"]
[EventDate "1971.??.??"]
[EventCountry "NED"]

{When the last round begins, Olafsson and Kortschnoj share the lead. Fridrik
draws quickly. Viktor plays for a win.} 1. c4 g6 2. d4 Bg7 3. Nc3 d6 4. e4 e5
5. Nf3 Bg4 6. d5 a5 7. Be2 $5 Na6 {The opening favours White.} 8. O-O Ne7 9. a3
O-O 10. Rb1 c5 11. Bd2 Bd7 12. Nb5 Nc8 13. b3 h6 14. g3 Nc7 15. Nh4 Nxb5 16.
cxb5 Ne7 17. b4 $6 cxb4 18. axb4 a4 $1 19. Ra1 f5 {Black has gained an
advantage.} 20. exf5 g5 $1 21. Ng2 Nxf5 22. Be3 Nxe3 23. fxe3 Rxf1+ 24. Bxf1
Qf6 25. e4 Re8 26. Qd2 Qf3 27. Bd3 Bf6 $4 {Hübner has make his first blunder.}
28. Ne1 $4 (28. Rf1 {wins. This move is missing in the analyses by Hübner and
Kurajica.}) 28... Qh5 29. Be2 Qg6 30. Qe3 Ra8 31. Nc2 Bd8 32. Bd3 Qe8 33. Na3
Bh3 34. Be2 Qd7 35. Kh1 Rc8 36. Nc4 $1 Ra8 37. Rg1 Qxb5 38. g4 $1 Qxb4 $4 {
Robert fouls up again.} ({Right is} 38... Bxg4 39. Rxg4 a3 $1 40. Rg1 a2 41.
Qc3 Bb6 $1 42. Nxb6 Qxe2 43. Nxa8 Qxe4+ 44. Rg2 Qb1+ {and perpetual check.})
39. Qxh3 Kg7 40. Qf3 Be7 41. Ne3 {Kortschnoj had played fighting chess. He won
by 10/15, before Olafsson, Ivkov, Petrosian and Gligoric (91/2), Andersson,
Hübner, Hort and Mecking (81/2).} 1-0

[Event "Hoogovens B"]
[Site "Wijk aan Zee 33"]
[Date "1971.01.??"]
[Round "11"]
[White "Timman, Jan"]
[Black "Brinck Claussen, Bjorn"]
[Result "1-0"]
[WhiteElo "2410"]
[BlackElo "2410"]
[Annotator "JvR"]
[PlyCount "43"]
[EventDate "1971.??.??"]
[EventCountry "NED"]

{Young Jan Timman won the master group.} 1. c4 Nf6 2. Nc3 e6 3. d4 Bb4 4. a3
Bxc3+ 5. bxc3 b6 6. f3 Nc6 7. e4 Ba6 8. Bg5 h6 9. Bh4 Na5 10. Qa4 Qc8 11. Bd3
Qb7 12. e5 Nd5 13. cxd5 $5 (13. Kf2 {was played in Zhukhovitsky - Antoshin,
Moscow 1970.}) 13... Bxd3 14. Rd1 Bc4 $6 (14... Qa6 $1 15. dxe6 fxe6 {
(Rainieri de Luca - Vehi Bach, Barcelona 2003) is okay.}) 15. dxe6 fxe6 16. Qc2
O-O 17. Qg6 $1 Rf7 18. Bf6 Qc6 $5 19. h4 Ba6 $4 (19... Raf8 $1 {(Timman)} 20.
Nh3 Rxf6 21. exf6 Rxf6 {defends well.}) 20. Nh3 $1 Qxc3+ 21. Kf2 Nc4 22. Ng5 $1
1-0

[Event "Hoogovens"]
[Site "Wijk aan Zee 34"]
[Date "1972.01.??"]
[Round "3"]
[White "Portisch, Lajos"]
[Black "Smyslov, Vassily"]
[Result "1-0"]
[WhiteElo "2630"]
[BlackElo "2620"]
[Annotator "JvR"]
[PlyCount "81"]
[EventDate "1972.??.??"]
[EventCountry "NED"]

{WIJK AAN ZEE 1972  The famous grandmasters were Portisch, Smyslov, Savon and
Hort. Two stars met in the third round.} 1. Nf3 Nf6 2. g3 d5 3. Bg2 Bf5 4. c4
c6 5. cxd5 cxd5 6. Qb3 Qb6 7. Qxb6 axb6 8. Nc3 Nc6 9. d3 e6 10. Nb5 Bb4+ 11.
Bd2 Ke7 12. Nfd4 Bxd2+ 13. Kxd2 Bg6 14. f4 $5 (14. Rhc1 Rhc8 15. f4 {was
played in Steinbaum - Rossetto, Buenos Aires 1961.}) 14... h6 15. a3 Rhc8 16.
Rac1 Bh7 17. Bh3 Nd7 18. Rc3 Nxd4 19. Nxd4 Rxc3 20. Kxc3 Rc8+ 21. Kd2 Bg8 $5
22. Rc1 Rxc1 23. Kxc1 {The doubled pawn can be regarded as a weakness. So
Portisch continues.} f6 24. Kd2 Bf7 25. Bg2 g6 26. Nb5 Nb8 $5 27. e4 $1 dxe4
28. Bxe4 Nc6 29. Kc3 e5 $2 {Smyslov allows another weakening.} (29... Kd7 30.
a4 g5 $5 31. fxg5 hxg5 $1 32. Bf3 e5 {keeps a strong centre.}) 30. fxe5 $1 fxe5
31. a4 $1 Kd7 32. Na3 $1 g5 ({Or} 32... Kc7 $5 33. Nc4 Bxc4 34. Kxc4 Ne7 35. h4
$1 {(Portisch)} g5 36. hxg5 hxg5 37. d4 $1 exd4 38. Kxd4 Kd6 39. g4 $1 Nc6+ 40.
Bxc6 bxc6 41. b4 {and White wins.}) 33. Nc4 Bxc4 34. Kxc4 Kd6 35. Kb5 Kc7 36.
Bxc6 $1 bxc6+ 37. Ka6 $1 g4 38. b3 c5 39. Kb5 Kb7 40. a5 bxa5 41. Kxc5 $1 {
Portisch prevailed over Smyslov in the endgame!} 1-0

[Event "Hoogovens"]
[Site "Wijk aan Zee 34"]
[Date "1972.01.??"]
[Round "8"]
[White "Browne, Walter"]
[Black "Portisch, Lajos"]
[Result "0-1"]
[WhiteElo "2530"]
[BlackElo "2630"]
[Annotator "JvR"]
[PlyCount "176"]
[EventDate "1972.??.??"]
[EventCountry "NED"]

1. e4 e5 2. Nf3 Nc6 3. Bb5 a6 4. Ba4 Nf6 5. O-O Be7 6. Re1 b5 7. Bb3 d6 8. c3
O-O 9. h3 Nb8 10. d3 Nbd7 11. Nbd2 Bb7 12. Nf1 Nc5 13. Bc2 Re8 14. Ng3 Bf8 15.
Nh2 Ne6 16. Nf5 d5 17. Qf3 Kh8 18. h4 c5 19. Bg5 Nxg5 20. hxg5 Ng8 21. Qg3 g6
$5 (21... dxe4 22. dxe4 Qc7 {drew quickly in Ciocaltea - O'Kelly de Galway,
Caracas 1970.}) 22. Ne3 d4 $1 23. Neg4 $2 {Browne starts a faulty combination.}
({The modest} 23. Nef1 $1 {keeps a minimal advantage.}) 23... Qxg5 24. Nf3 Qf4
25. Ngxe5 Qxg3 26. fxg3 dxc3 27. bxc3 Nh6 $5 28. Rad1 $2 (28. Nd7 $1 Be7 29. a4
Rad8 30. axb5 $1 axb5 31. Nb6 {shows aggression.}) 28... Rad8 29. Bb3 Kg7 30.
g4 g5 $1 31. Bd5 Bxd5 32. exd5 f6 $1 33. c4 $5 {Browne gives a piece for
pressure.} (33. Nc6 Rxe1+ 34. Rxe1 Rxd5 {costs a pawn.}) 33... fxe5 34. Nxg5
Kh8 35. Ne6 Rd7 36. Rxe5 Nxg4 37. Re4 Nh6 38. Rf1 Bd6 39. Rf6 Ng8 40. Rf5 bxc4
41. dxc4 Nh6 42. Rf6 Nf7 $1 {Black intends .. Nd8.} 43. Ng5 Rxe4 44. Nxe4 Kg7
45. Re6 a5 46. Kf1 h6 47. Kg1 Rd8 48. a4 Rd7 49. g4 Be5 50. Kg2 Bd6 51. Kh1 Kf8
52. Kg2 Re7 53. Kf1 Bf4 $1 {Portisch makes his progress slowly.} 54. Nxc5 Rc7
55. Nb3 Rxc4 56. Nxa5 Rxa4 57. Nc6 Bd6 58. Rg6 Rc4 $1 59. Ke2 Rc5 60. Nd4 Rxd5
{The advantage has become a full bishop.} 61. Nf5 Bf4 62. Ra6 Bg5 63. Kf3 Re5
64. Ra8+ Re8 65. Ra6 Kg8 66. Kg3 Rb8 67. Rg6+ Kh8 68. Ra6 Rb3+ 69. Kg2 Rb7 70.
Kg3 Kh7 71. Re6 Nh8 72. Ra6 Ng6 73. Ra5 Nf8 74. Ra4 Nd7 75. Nd4 Ne5 76. Nf5 Rc7
77. Rb4 Rc4 78. Rb7+ Kg6 79. Rb6+ Rc6 80. Rxc6+ Nxc6 81. Nd6 Kf6 82. Ne4+ Ke5
83. Nf2 Kd4 84. Kf3 Ne5+ 85. Kg3 Be3 ({Not} 85... Nd3 $4 86. Nxd3 Kxd3 {=}) 86.
Nh3 Ke4 87. Kh4 Nf3+ 88. Kh5 Ng5 $1 {Portisch led by 21/2 points on the rest
after ten rounds in the tournament!} 0-1

[Event "Hoogovens"]
[Site "Wijk aan Zee 34"]
[Date "1972.01.??"]
[Round "10"]
[White "Donner, Jan Hein"]
[Black "Smyslov, Vassily"]
[Result "0-1"]
[WhiteElo "2500"]
[BlackElo "2620"]
[Annotator "JvR"]
[PlyCount "108"]
[EventDate "1972.??.??"]
[EventCountry "NED"]

1. c4 e5 2. Nc3 Nf6 3. Nf3 Nc6 4. g3 Bb4 5. Nd5 Bc5 6. Bg2 $5 {This line was
little known in those days.} (6. d3 h6 7. Bg2 {occurred in Kashdan - Belson,
Milwaukee 1935.}) 6... d6 7. O-O Nxd5 8. cxd5 Nd4 9. Nxd4 Bxd4 10. e3 Bb6 11.
b4 $5 a5 12. bxa5 Rxa5 13. Bb2 O-O 14. a4 Ra6 15. Bc3 Ba5 16. Qb3 b6 17. Rfc1
Bd7 18. Bf1 Bxc3 19. Bxa6 $5 Bxa1 20. Rxa1 f5 21. Rc1 f4 22. exf4 $2 ({Correct
is} 22. Qc3 $1 Bxa4 23. Qxc7) 22... exf4 23. Rc4 $5 Qe7 $2 (23... fxg3 24. hxg3
Qf6 $1 {wins.} {Notice} 25. Qe3 Qa1+ 26. Kg2 Bh3+ $1 27. Kxh3 Qh1+ 28. Kg4 g6
$1 29. Qe6+ Kh8) 24. Rxf4 Qe1+ {White has a narrow escape.} 25. Kg2 $2 (25. Bf1
$3 {might draw. The pointe is} Bh3 $2 26. Rxf8+ Kxf8 27. Qf3+ Kg8 28. Qe2 $1
Qxe2 29. Bxe2 {and White has gained a pawn.}) 25... Rxf4 26. gxf4 Qe4+ 27. Kg3
Bxa4 28. Qc3 Qg6+ 29. Kf3 Bd1+ 30. Ke3 Qe8+ 31. Kd4 Qa4+ 32. Qc4 Kf7 33. Qxa4
Bxa4 {Black has a won bishop ending due to the weakness of all white pawns.}
34. Bd3 Bd7 35. h4 h6 36. Ke3 Kf6 37. Kd4 Be8 38. Ke3 Bg6 39. Bb5 Bf7 40. Bc6
Kf5 41. Bd7+ Kg6 42. Be6 Kf6 $1 43. f5 Bh5 44. f4 Bg4 45. Ke4 b5 $1 46. Bd7 b4
47. Ba4 Bxf5+ 48. Kd4 Bb1 49. Bd7 Ba2 50. Bc8 b3 51. Kc3 b2 52. Kxb2 Bxd5 53.
Bh3 Be6 54. Bg2 Kg6 {Donner scored his usual defeat against a Russian.} 0-1

[Event "Hoogovens"]
[Site "Wijk aan Zee 34"]
[Date "1972.01.??"]
[Round "11"]
[White "Timman, Jan"]
[Black "Ljubojevic, Ljubomir"]
[Result "1-0"]
[WhiteElo "2445"]
[BlackElo "2510"]
[Annotator "JvR"]
[PlyCount "81"]
[EventDate "1972.??.??"]
[EventCountry "NED"]

1. Nf3 g6 2. e4 c5 3. c3 b6 4. d4 Bb7 5. Bc4 e6 $5 6. d5 $5 {Two future stars
open remarkably. Ljubo Ljubojevic has a miserable game.} Bg7 7. Bg5 Qc7 8. O-O
Nf6 9. Re1 O-O 10. d6 $1 Qc8 11. e5 Nd5 12. Nbd2 f5 13. exf6 Nxf6 14. Ne5 Nc6
15. Nxd7 $1 {Timman decides the game in a great style.} Nxd7 16. Bxe6+ Kh8 17.
Qg4 Ncb8 $6 (17... Nce5 $5 18. Rxe5 $1 Bxe5 19. Bxd7 Qb8 20. Nc4 Bxd6 21. Qe6
Bxh2+ 22. Kh1 $1 Bxg2+ $1 23. Kxg2 Rxf2+ $1 24. Kxf2 Qg3+ 25. Ke2 Qxg5 26. Rf1
$1 {wins for White.}) 18. Be7 Qc6 19. Ne4 $1 Ne5 20. Qh3 (20. Qg3 $1 Nbd7 21.
f4 {wins quickly.}) 20... Nbd7 21. Ng5 $1 h5 22. Re4 $2 (22. Rad1 {proceeds
the assault.}) 22... Rf6 $2 (22... Qb5 $1 23. Bxd7 Nxd7 24. Bxf8 Nxf8 25. Re7
Qxb2 {counters skilfully.}) 23. f4 $1 Rxe6 24. Qxe6 Bh6 25. Rae1 Re8 26. fxe5
Bxg5 27. Qxg6 $1 Rxe7 28. Qxg5 Rg7 29. Qxh5+ Kg8 30. Qe8+ Nf8 31. Qxc6 Bxc6 32.
e6 Nxe6 33. Rxe6 Rxg2+ 34. Kf1 Rd2 35. R1e2 $1 {Timman attacks elegantly.} Bb5
36. Ke1 $1 Rd3 37. R2e3 Rd5 38. c4 $1 Bxc4 39. Re8+ Kg7 40. R3e7+ Kf6 41. Rf8+
{Portisch won by 101/2/15, before Hort and Pomar (9). Ljubojevic and Timman
lost too many games.} 1-0

[Event "Hoogovens"]
[Site "Wijk aan Zee 35"]
[Date "1973.01.??"]
[Round "3"]
[White "Planinc, Albin"]
[Black "Najdorf, Miguel"]
[Result "1-0"]
[WhiteElo "2520"]
[BlackElo "2540"]
[Annotator "JvR"]
[PlyCount "39"]
[EventDate "1973.??.??"]
[EventCountry "NED"]

{The famous Tal and lesser known Planinc were the great attackers in 1973.} 1.
e4 c5 2. Nf3 d6 3. d4 cxd4 4. Nxd4 Nf6 5. Nc3 a6 6. Bg5 Nbd7 7. f4 e6 8. Qf3
Be7 9. O-O-O Qc7 10. Bd3 h6 11. Qh3 Nc5 $5 12. Rhe1 Rg8 $2 (12... e5 $1 {
prevents the prepared move.}) 13. e5 $1 dxe5 14. fxe5 hxg5 ({Or} 14... Nxd3+
15. Qxd3 hxg5 16. exf6 gxf6 17. Qh7 Rf8 18. Qh5 $1 e5 19. Nd5 $1) 15. exf6 Bxf6
(15... gxf6 16. Qh7 Rf8 17. Nf5 $1 Nxd3+ 18. Kb1 $1 {also brings a won
position.}) 16. Nd5 $1 Qd8 17. Bh7 $2 ({Better is} 17. Qh7 $1 Rf8 18. Nf5 $1 {
and wins.}) 17... Rh8 $2 (17... Qxd5 $1 18. Bxg8 Qxa2 $1 19. Bxf7+ $1 Kxf7 20.
Qh5+ Kf8 21. Qh8+ {leads to perpetual check.}) 18. Nf5 $1 {Najdorf gets a
beating in his own line.} g4 19. Qg3 $1 Kf8 20. Nxf6 $1 1-0

[Event "Hoogovens"]
[Site "Wijk aan Zee 35"]
[Date "1973.01.??"]
[Round "7"]
[White "Tal, Mihail"]
[Black "Donner, Jan Hein"]
[Result "1-0"]
[WhiteElo "2625"]
[BlackElo "2470"]
[Annotator "JvR"]
[PlyCount "49"]
[EventDate "1973.??.??"]
[EventCountry "NED"]

1. c4 c5 2. Nf3 Nf6 3. Nc3 Nc6 4. d4 cxd4 5. Nxd4 d5 6. Qa4 Qb6 $6 ({Known is} 
6... e6) 7. Ndb5 $1 e6 8. Bf4 e5 9. cxd5 exf4 10. Qxf4 Nb4 $2 ({Better is} 
10... Be7 $1 11. Nc7+ Kf8 12. d6 $1 Qxb2 13. dxe7+ Nxe7 14. Rc1 Rb8) 11. Nc7+
Kd8 12. Nxa8 Qa5 13. O-O-O Qc5 14. e4 $2 ({The crucial line brings} 14. Kb1 $1
Bd6 15. Qg5 h6 16. Qxg7 Bf5+ 17. e4 Nxe4 18. Qxh8+ Kd7 {(Tal), and now} 19. Bd3
$1 Nxd3 20. Rxd3 Nxc3+ 21. Ka1 $1 {wins for White.}) 14... Nxa2+ 15. Kc2 Nxc3
16. bxc3 Bd6 17. e5 Nxd5 18. Qc4 $6 (18. Rxd5 $1 Qxd5 19. exd6 Qa2+ 20. Kd3 Re8
{seems to bring a black survival (Tal).}) 18... Bf5+ 19. Kd2 Qxf2+ 20. Be2 Qe3+
$4 (20... Bc5 21. Kc1 Ba3+ 22. Kd2 Be6 $1 23. Rhf1 Qc5 {favours Black.}) 21.
Ke1 Bxe5 22. Rxd5+ Ke7 23. Nc7 Bxc3+ 24. Kd1 Be4 25. Bf3 {Donner immersed in
the tactical melee.} 1-0

[Event "Hoogovens"]
[Site "Wijk aan Zee 35"]
[Date "1973.01.??"]
[Round "13"]
[White "Tal, Mihail"]
[Black "Ljubojevic, Ljubomir"]
[Result "1-0"]
[WhiteElo "2625"]
[BlackElo "2550"]
[Annotator "JvR"]
[PlyCount "93"]
[EventDate "1973.??.??"]
[EventCountry "NED"]

1. e4 Nf6 2. e5 Nd5 3. d4 d6 4. Nf3 g6 5. Bc4 c6 6. O-O Bg7 7. exd6 Qxd6 8. Re1
O-O 9. Bg5 Bg4 10. Nbd2 Re8 $5 11. Bb3 h6 12. Bh4 Nd7 13. c4 $5 Nf4 14. c5 $1
Qxd4 $1 {Two fighters take up the complications.} 15. Re4 $1 Bxf3 16. gxf3 Nh3+
17. Kg2 Qxc5 18. Kxh3 {A critical position has been reached.} Qh5 $2 (18... Nf6
$1 19. Bxf6 Bxf6 20. Qe2 Bxb2 {(Khalifman) gains enough compensation for the
piece.}) 19. Nf1 $1 Ne5 20. Kg2 g5 21. Bg3 Rad8 22. Bxe5 $6 (22. Qe2 $1 {is
alright.}) 22... Rxd1 23. Rxd1 g4 $6 (23... Bxe5 $1 24. Rxe5 Qg6 25. Rd7 Qf6 {
offers more resistance.}) 24. fxg4 Qg6 25. f3 Bxe5 26. Rxe5 e6 27. Ng3 Qf6 28.
Re2 Rd8 29. Ne4 Qe7 30. Rxd8+ Qxd8 31. Rd2 Qa5 32. Rd7 Qb4 $1 33. h4 a5 34. g5
$2 ({Right is} 34. Rd8+ $1 Kg7 35. Ng3 $1 a4 $1 36. Nh5+ Kh7 37. Bc2+ {and
White wins.}) 34... hxg5 35. hxg5 a4 $1 36. g6 $1 Kg7 $2 (36... axb3 37. Rxf7
Qd4 $1 38. axb3 Qxb2+ {brings a perpetual (Khalifman).}) 37. Bxe6 Qxb2+ 38. Kh3
Kxg6 39. Bxf7+ Kh6 40. Rd6+ Kg7 41. Rd7 b5 42. Be6+ Kg6 43. Rd8 c5 44. Rg8+ Kh7
45. Ng5+ Kh6 46. Nf7+ Kh7 47. Rg5 1-0